<?xml version="1.0" encoding="UTF-8"?>
<record
    xmlns:xsi="http://www.w3.org/2001/XMLSchema-instance"
    xsi:schemaLocation="http://www.loc.gov/MARC21/slim http://www.loc.gov/standards/marcxml/schema/MARC21slim.xsd"
    xmlns="http://www.loc.gov/MARC21/slim">

  <leader>01405nam a22003497a 4500</leader>
  <controlfield tag="005">20221010144449.0</controlfield>
  <controlfield tag="008">221010b           ||||| |||| 00| 0 eng d</controlfield>
  <datafield tag="020" ind1=" " ind2=" ">
    <subfield code="a">9789390358533</subfield>
  </datafield>
  <datafield tag="040" ind1=" " ind2=" ">
    <subfield code="c">AL</subfield>
  </datafield>
  <datafield tag="041" ind1=" " ind2=" ">
    <subfield code="a">eng</subfield>
  </datafield>
  <datafield tag="082" ind1=" " ind2=" ">
    <subfield code="2">23</subfield>
    <subfield code="a">371.4</subfield>
    <subfield code="b">LAMC</subfield>
  </datafield>
  <datafield tag="100" ind1=" " ind2=" ">
    <subfield code="a">Anna Maija Lamsa...[et.al]</subfield>
    <subfield code="9">59315</subfield>
  </datafield>
  <datafield tag="245" ind1=" " ind2=" ">
    <subfield code="a">Career counselling for womens empowerment</subfield>
  </datafield>
  <datafield tag="260" ind1=" " ind2=" ">
    <subfield code="a">New Delhi</subfield>
    <subfield code="b">Bllomsbury</subfield>
    <subfield code="c">2020</subfield>
  </datafield>
  <datafield tag="300" ind1=" " ind2=" ">
    <subfield code="a">x,136p.</subfield>
    <subfield code="b">PB</subfield>
    <subfield code="c">23x15cm</subfield>
  </datafield>
  <datafield tag="365" ind1=" " ind2=" ">
    <subfield code="2">Sociology</subfield>
    <subfield code="a">4626</subfield>
    <subfield code="b">319.00</subfield>
    <subfield code="c">&#x20B9;</subfield>
    <subfield code="d">399.00</subfield>
    <subfield code="e">20%</subfield>
    <subfield code="f">04-10-2022</subfield>
  </datafield>
  <datafield tag="520" ind1=" " ind2=" ">
    <subfield code="a">The handbook introduces a comprehensive career counselling model called the rainbow careeer platter and various practical examples and cases from India and Europe. The handbook is useful especially to counselling professionals and teachers as well as university management to build a versatile and strategic system to counselling.</subfield>
  </datafield>
  <datafield tag="650" ind1=" " ind2=" ">
    <subfield code="a">Womens Employability</subfield>
    <subfield code="9">59281</subfield>
  </datafield>
  <datafield tag="650" ind1=" " ind2=" ">
    <subfield code="a">Rainbow Career Platter</subfield>
    <subfield code="9">59282</subfield>
  </datafield>
  <datafield tag="700" ind1=" " ind2=" ">
    <subfield code="a">LAMSA (Anna Maija)</subfield>
    <subfield code="9">59283</subfield>
  </datafield>
  <datafield tag="700" ind1=" " ind2=" ">
    <subfield code="a">HEIKKINEN (Suvi)</subfield>
    <subfield code="9">59284</subfield>
  </datafield>
  <datafield tag="700" ind1=" " ind2=" ">
    <subfield code="a">BHATT (Amola)</subfield>
    <subfield code="9">59285</subfield>
  </datafield>
  <datafield tag="700" ind1=" " ind2=" ">
    <subfield code="a">BEINHAUER (Rupert)</subfield>
    <subfield code="9">59286</subfield>
  </datafield>
  <datafield tag="700" ind1=" " ind2=" ">
    <subfield code="a">GOSWAMI (Shubham)</subfield>
    <subfield code="9">59287</subfield>
  </datafield>
  <datafield tag="700" ind1=" " ind2=" ">
    <subfield code="a">HOLLSTROM (Fanni)</subfield>
    <subfield code="9">59288</subfield>
  </datafield>
  <datafield tag="700" ind1=" " ind2=" ">
    <subfield code="a">LALWA NI (Shweta)</subfield>
    <subfield code="9">59289</subfield>
  </datafield>
  <datafield tag="700" ind1=" " ind2=" ">
    <subfield code="a">MUNCHERJI (Nina)</subfield>
    <subfield code="9">59316</subfield>
  </datafield>
  <datafield tag="700" ind1=" " ind2=" ">
    <subfield code="a">SINGH (Rahul)</subfield>
    <subfield code="9">59317</subfield>
  </datafield>
  <datafield tag="700" ind1=" " ind2=" ">
    <subfield code="a">TIWARI (Himanshi)</subfield>
    <subfield code="9">59318</subfield>
  </datafield>
  <datafield tag="700" ind1=" " ind2=" ">
    <subfield code="a">VALCARCEL (Candela)</subfield>
    <subfield code="9">59319</subfield>
  </datafield>
  <datafield tag="942" ind1=" " ind2=" ">
    <subfield code="2">ddc</subfield>
    <subfield code="c">BK</subfield>
  </datafield>
  <datafield tag="999" ind1=" " ind2=" ">
    <subfield code="c">224784</subfield>
    <subfield code="d">224784</subfield>
  </datafield>
  <datafield tag="952" ind1=" " ind2=" ">
    <subfield code="0">0</subfield>
    <subfield code="1">0</subfield>
    <subfield code="2">ddc</subfield>
    <subfield code="4">0</subfield>
    <subfield code="7">0</subfield>
    <subfield code="8">SOC</subfield>
    <subfield code="a">AL</subfield>
    <subfield code="b">AL</subfield>
    <subfield code="d">2022-10-07</subfield>
    <subfield code="e">Biblios Book Point, Surathkal, Mangalore575014</subfield>
    <subfield code="g">319.00</subfield>
    <subfield code="l">0</subfield>
    <subfield code="o">371.4 LAMC</subfield>
    <subfield code="p">076107</subfield>
    <subfield code="r">2022-10-10 00:00:00</subfield>
    <subfield code="v">399.00</subfield>
    <subfield code="w">2022-10-10</subfield>
    <subfield code="y">BK</subfield>
  </datafield>
</record>
